[Event "CAN-ch U10"]
[Site "Victoria"]
[Date "2009.07.23"]
[Round "6"]
[White "Lamothe, Zachari"]
[Black "Carradice, Lemuel"]
[Result "0-1"]
[WhiteElo "840"]
[BlackElo "961"]
[PlyCount "168"]
[EventDate "2009.07.21"]
[EventType "swiss"]
[EventRounds "7"]
[EventCountry "CAN"]
[SourceTitle "EXT 2011"]
[Source "ChessBase"]
[SourceDate "2010.11.26"]
[SourceVersion "1"]
[SourceVersionDate "2010.11.26"]
[SourceQuality "1"]

1. Nf3 d6 2. e3 Bg4 3. Bb5+ Bd7 4. Bxd7+ Nxd7 5. Nc3 Ngf6 6. d3 g6 7. e4 Ne5 8. Nxe5 dxe5 9. f3 Bg7 10. Nd5 Nxd5 11. exd5 Qxd5 12. 0-0 Qc5+ 13. d4 Qxd4+ 14. Qxd4 exd4 15. Rd1 h5 16. c3 e5 17. cxd4 exd4 18. Re1+ Kd8 19. Bg5+ f6 20. Bc1 Bh6 21. Rd1 Be3+ 22. Kf1 Bg5 23. Rxd4+ Ke7 24. f4 c5 25. Re4+ Kf7 26. fxg5 Rad8 27. Rf4 Rd7 28. gxf6 Rhd8 29. Be3 Rc7 30. Rc1 g5 31. Rf5 b6 32. Bxg5 Kg6 33. Rf4 Kxg5 34. Rf3 Rf8 35. Re1 Kg4 36. Re4+ Kg5 37. f7 Rcxf7 38. Ref4 Rd8 39. Rxf7 Rd1+ 40. Ke2 Rh1 41. Rg7+ Kh6 42. Rg8 a5 43. Rfg3 Kh7 44. R3g7+ Kh6 45. Rg3 Kh7 46. R3g5 Rxh2 47. R8g7+ Kh8 48. Ra7 Rh4 49. Rd5 Re4+ 50. Kf3 Rd4 51. Ke3 Rxd5 52. Ke4 Rd8 53. Kf4 Rd1 54. g4 h4 55. Kg5 h3 56. Kh6 Rd6+ 57. Kh5 h2 58. Ra8+ Kh7 59. Ra7+ Kg8 60. b4 h1Q+ 61. Kg5 Qh6+ 62. Kf5 Qf8+ 63. Ke5 Qf6+ 64. Ke4 Rd4+ 65. Ke3 Rxb4 66. Ra8+ Kg7 67. a3 Rb3+ 68. Ke4 c4 69. Rd8 c3 70. Rd3 Qg6+ 71. Ke3 b5 72. Rd7+ Kf8 73. Kd4 c2 74. Rc7 Qd6+ 75. Ke4 Qxc7 76. Kf5 c1N 77. g5 Qc8+ 78. Kf6 Nd3 79. g6 Nc5 80. g7+ Kg8 81. Kg6 Qg4+ 82. Kf6 Rf3+ 83. Ke7 Qe6+ 84. Kd8 Qd7# 0-1